| 000 | 00873nam a2200193 4500 | ||
|---|---|---|---|
| 008 | 110216s2002 my 000 0 chi d | ||
| 020 | _a9832136350 | ||
| 090 |
_aPL2965.B36 _bW18 _b2002 |
||
| 100 | 1 | _a王宝星 Wang, Baoxing. | |
| 245 | 1 | 0 |
_a打开心窗 Da kai xin chuang / _c王宝星著 [zhu zhe Wang Baoxing]. |
| 260 |
_aSibu, Sarawak, Malaysia : _b马来西亚基督敎卫理公会 Malaxiya Ji du jiao wei li gong hui Shalayue Hua ren nian yi hui wen zi shi ye bu, _c2002. |
||
| 300 |
_a169 p. ; _c21 cm. |
||
| 490 | 1 |
_a卫理报丛书 =Wei li bao cong shu ; _v18 |
|
| 500 | _aEssays. | ||
| 650 | 4 | _aChristian fiction, Chinese {ch} | |
| 650 | 4 |
_aMissions _xFiction {ch}. |
|
| 710 | 2 | 2 | _aMalaxiya Ji du jiao wei li gong hui Shalayue Hua ren nian yi hui wen zi shi ye bu. |
| 951 |
_pC-10289 _x00040441 _oSP-C CHPL2965.B36/W18/2002 _j110216153316274 _d2000-12-21 _cSP-C CH |
||
| 999 |
_c35351 _d35351 |
||